=LDR 00000nam 2200000 4500 =001 INLIS000000000000363 =005 20150310144201.0 =006 =007 =008 nd =035 ##$$0010-061300000000363 =041 ##$$a nd =082 ##$$a 300.1 =090 ##$$a 300.1 Zam p =100 ##$$a Zamroni =245 ##$$a Pengantar pengembangan teori sosial / Zamroni =260 ##$$a Yogyakarta $b Tiara Wacana $c 1992 =300 ##$$a xviii, 207 hlm, ilus, 21 cm =650 ##$$a Ilmu-ilmu Sosial =850 ##$$a NBPNMAT